[Event "Miedzynarodowy Memorial Ireny Warakomskiej (Turniej Blitza)"]
[Site "Suwalki"]
[Date "2017-08-16"]
[Round "1.1"]
[White "Zaika, Daniil"]
[Black "Bilguun, Sumiya"]
[Result "0-1"]
[WhiteTitle ""]
[BlackTitle ""]
[WhiteElo "1941"]
[BlackElo "2527"]

1. d4 d5 2. Nf3 e6 3. Bf4 Nf6 4. e3 Bd6 5. Bg3 O-O 6. Nbd2 Qe7 7. c3 Nbd7 8. Ne5
c5 9. Bd3 Bxe5 10. dxe5 Ne8 11. O-O b6 12. e4 Bb7 13. exd5 exd5 14. Re1 g6 15.
Nf3 Ng7 16. Bh4 Qe6 17. Ng5 Qc6 18. Qg4 Rae8 19. a4 Nxe5 20. Rxe5 Rxe5 21. Bb5
Qc8 22. Qg3 f6 23. Nf3 Nh5 24. Qh3 Qxh3 25. gxh3 Re7 26. Bg3 a6 27. Bd6 Re6 28.
Bxf8 axb5 29. axb5 Kxf8 30. Ra7 Re7 31. Nd2 Nf4 32. c4 Re1+ 0-1

[Event "Miedzynarodowy Memorial Ireny Warakomskiej (Turniej Blitza)"]
[Site "Suwalki"]
[Date "2017-08-16"]
[Round "1.2"]
[White "Stoma, Pawel "]
[Black "Slezinski, Nikodem "]
[Result "1-0"]
[WhiteTitle ""]
[BlackTitle ""]
[WhiteElo "2341"]
[BlackElo "1936"]

1. e4 e5 2. Nf3 Nc6 3. Bb5 f5 4. d3 fxe4 5. dxe4 Nf6 6. Be3 Bb4+ 7. c3 Be7 8. Bc4
d6 9. Ng5 Rf8 10. Nxh7 Rh8 11. Ng5 Rf8 12. h3 Na5 13. Bb5+ c6 14. Be2 b5 15. a4
Bd7 16. Nd2 Qc7 17. O-O Rb8 18. axb5 cxb5 19. b4 Nc4 20. Nxc4 bxc4 21. Rxa7 1-0

[Event "Miedzynarodowy Memorial Ireny Warakomskiej (Turniej Blitza)"]
[Site "Suwalki"]
[Date "2017-08-16"]
[Round "1.3"]
[White "Budnik, Mateusz"]
[Black "Kulon, Klaudia "]
[Result "0-1"]
[WhiteTitle ""]
[BlackTitle ""]
[WhiteElo "1924"]
[BlackElo "2331"]

1. b3 e5 2. Bb2 Nc6 3. e3 d5 4. Bb5 Bd6 5. f4 Qh4+ 6. Kf1 Qe7 7. Nf3 f6 8. Bxc6+
bxc6 9. d3 Nh6 10. fxe5 fxe5 11. Nbd2 O-O 12. e4 dxe4 13. Nxe4 Bg4 14. Ke2 Qf7
15. Rf1 Qh5 16. Ned2 Qxh2 17. Qe1 Qxg2+ 18. Rf2 Qg3 19. Qg1 Qxg1 20. Rxg1 Bc5
21. d4 exd4 22. Kd3 Rad8 23. Rgf1 Bb6 24. Ne5 Rxf2 25. Rxf2 Bf5+ 26. Kc4 d3 27.
Rg2 dxc2 0-1

[Event "Miedzynarodowy Memorial Ireny Warakomskiej (Turniej Blitza)"]
[Site "Suwalki"]
[Date "2017-08-16"]
[Round "1.4"]
[White "Bednarek, Sylwester"]
[Black "Kaniak, Justyna"]
[Result "1-0"]
[WhiteTitle ""]
[BlackTitle ""]
[WhiteElo "2283"]
[BlackElo "1901"]

1. d4 Nf6 2. Bg5 e6 3. Nc3 Nc6 4. e4 h6 5. Bh4 g5 6. Bg3 Bb4 7. Qd3 d5 8. e5 Nh5
9. a3 Ba5 10. O-O-O Bd7 11. Nge2 Qe7 12. Na4 O-O-O 13. Nc5 Bb6 14. b4 Bxc5 15.
dxc5 Nxg3 16. Qxg3 f5 17. Qc3 Qg7 18. b5 Nxe5 19. f4 gxf4 20. Nxf4 Rhg8 21. Re1
Nc4 22. Qxg7 Rxg7 23. c6 bxc6 24. bxc6 Bxc6 25. Nxe6 Re8 26. Bxc4 Rge7 27. Bd3
Rxe6 28. Bxf5 Bd7 29. Bxe6 Bxe6 30. Re5 Kd7 31. Rhe1 c5 32. Rh5 1-0

[Event "Miedzynarodowy Memorial Ireny Warakomskiej (Turniej Blitza)"]
[Site "Suwalki"]
[Date "2017-08-16"]
[Round "1.5"]
[White "Semczuk, Jerzy "]
[Black "Lewtak, Damian "]
[Result "0-1"]
[WhiteTitle ""]
[BlackTitle ""]
[WhiteElo "1872"]
[BlackElo "2275"]

1. e4 c5 2. Nf3 d6 3. d4 cxd4 4. Nxd4 Nf6 5. Nc3 Nc6 6. Bg5 e6 7. Qd2 a6 8. O-O-O
h6 9. Be3 Bd7 10. Be2 Be7 11. f4 b5 12. Bf3 Rc8 13. Rhe1 Qc7 14. e5 dxe5 15. Nxc6
Bxc6 16. fxe5 Nd5 17. Nxd5 Bxd5 18. Bxd5 exd5 19. Re2 O-O 20. Kb1 Rfd8 21. Bd4
Bc5 22. c3 a5 23. e6 fxe6 24. Rxe6 Qf7 25. Rde1 Bxd4 26. Qxd4 Rc4 27. Qe5 Re4
28. Rxe4 dxe4 29. Qxe4 Qf1+ 30. Qe1 Rd1+ 0-1

[Event "Miedzynarodowy Memorial Ireny Warakomskiej (Turniej Blitza)"]
[Site "Suwalki"]
[Date "2017-08-16"]
[Round "1.6"]
[White "Zochowski, Kacper"]
[Black "Zianowicz, Dominik "]
[Result "1-0"]
[WhiteTitle ""]
[BlackTitle ""]
[WhiteElo "2263"]
[BlackElo "1851"]

1. c4 c6 2. g3 d5 3. Bg2 Nf6 4. Nf3 Nbd7 5. b3 e5 6. Bb2 Bd6 7. O-O O-O 8. d3 Re8
9. cxd5 cxd5 10. Nc3 b6 11. Nb5 Bb8 12. e3 Bb7 13. a4 a6 14. Nc3 Bd6 15. Ba3 Bxa3
16. Rxa3 Rc8 17. Qd2 Qe7 18. Raa1 Nc5 19. Rab1 Red8 20. d4 exd4 21. Nxd4 Nce4
22. Nxe4 Nxe4 23. Qb2 g6 24. Rbc1 Qb4 25. h3 a5 26. Kh2 Ba6 27. Rfd1 Nc5 28. Rc2
Nd3 29. Rxc8 Rxc8 30. Qd2 Qxd2 31. Rxd2 Nb4 32. Nf3 f6 33. Nd4 Kf7 34. g4 Bd3
35. Kg3 Be4 36. Bf1 h5 37. Be2 hxg4 38. hxg4 Rc3 39. Bd1 f5 40. gxf5 gxf5 41.
Nb5 Rc6 42. f3 Bb1 43. Nd4 Rc3 44. Kf4 Ba2 45. Rh2 Kf6 46. Rh6+ Kg7 47. Rxb6 Nd3+
48. Kxf5 Nf2 49. Rb7+ Kg8 50. Kg6 Nxd1 51. Rb8+ 1-0

[Event "Miedzynarodowy Memorial Ireny Warakomskiej (Turniej Blitza)"]
[Site "Suwalki"]
[Date "2017-08-16"]
[Round "1.7"]
[White "Ziemski, Jaroslaw"]
[Black "Jaroch, Karol"]
[Result "1-0"]
[WhiteTitle ""]
[BlackTitle ""]
[WhiteElo "1824"]
[BlackElo "2250"]

1. e4 e6 2. b3 d5 3. exd5 exd5 4. Bb2 Nf6 5. Nf3 Be7 6. Be2 O-O 7. O-O Bf5 8. d3
c5 9. Nbd2 Nc6 10. Ne5 Na5 11. Ndf3 Rc8 12. a3 b6 13. c4 d4 14. Bc1 Re8 15. h3
Bd6 16. Bf4 Qc7 17. g4 Bd7 18. Nxd7 Nxd7 19. Bxd6 Qxd6 20. Re1 h5 21. Bf1 hxg4
22. hxg4 Qf4 23. Bg2 Qxg4 24. b4 Nc6 25. Qd2 Nde5 26. Nxe5 Nxe5 27. Kf1 Ng6 28.
Rxe8+ Rxe8 29. Re1 Re6 30. Rxe6 fxe6 31. Qe2 Qxe2+ 32. Kxe2 Nf4+ 33. Kf1 Nxg2
34. Kxg2 cxb4 35. axb4 Kf7 36. Kf3 e5 37. Ke4 Ke6 38. b5 g6 39. f4 exf4 40. Kxf4
Kd6 41. Kg5 Kc5 42. Kxg6 Kb4 43. Kf5 Kb3 44. Ke5 Kc3 45. Ke4 Kb4 46. Kxd4 Ka5
47. Kd5 a6 48. bxa6 Kxa6 49. Kc6 Ka7 50. d4 Ka6 51. d5 Ka7 52. Kc7 Ka6 53. d6
Ka7 54. d7 Ka6 55. d8=Q b5 56. cxb5+ Ka7 57. Qb8# 1-0

[Event "Miedzynarodowy Memorial Ireny Warakomskiej (Turniej Blitza)"]
[Site "Suwalki"]
[Date "2017-08-16"]
[Round "1.8"]
[White "Paszewski, Mateusz "]
[Black "Hasinski, Krystian "]
[Result "1-0"]
[WhiteTitle ""]
[BlackTitle ""]
[WhiteElo "2233"]
[BlackElo "1801"]

1. e4 g6 2. d4 Bg7 3. Nf3 d6 4. Bc4 Nf6 5. Qe2 Bg4 6. Nbd2 Nc6 7. c3 O-O 8. h3
Bd7 9. e5 dxe5 10. dxe5 Ne8 11. e6 fxe6 12. Ng5 Rf6 13. Nde4 Nd6 14. Nxf6+ Bxf6
15. Bxe6+ Bxe6 16. Qxe6+ Kh8 17. Bf4 h6 18. Nf7+ Nxf7 19. Qxf7 Bg7 20. Qxg6 Qd5
21. Rd1 Qc4 22. Bxh6 Bxh6 23. Qxh6+ Kg8 24. Qg6+ Kf8 25. Rd3 Ne5 26. Qf5+ Nf7
27. O-O Re8 28. Re1 e5 29. Rd7 Qe6 30. Qxe6 Rxe6 31. Rxc7 Rb6 32. b3 a5 33. Rd1
a4 34. Rdd7 Ng5 35. Rd8# 1-0

[Event "Miedzynarodowy Memorial Ireny Warakomskiej (Turniej Blitza)"]
[Site "Suwalki"]
[Date "2017-08-16"]
[Round "1.9"]
[White "Tarnowska, Aleksandra"]
[Black "Suliborski, Jakub"]
[Result "0-1"]
[WhiteTitle ""]
[BlackTitle ""]
[WhiteElo "1774"]
[BlackElo "2222"]

1. e4 e6 2. d4 d5 3. exd5 exd5 4. Nf3 Nc6 5. c3 Bg4 6. Be2 Bd6 7. h3 Bh5 8. O-O
Nge7 9. Re1 Qd7 10. b4 O-O 11. Nbd2 f6 12. Nf1 Rae8 13. Ng3 Bg6 14. Bd3 Nf5 15.
Nxf5 Bxf5 16. Bxf5 Qxf5 17. Bd2 Ne7 18. Qb1 Qxb1 19. Raxb1 Ng6 20. a4 Re4 21.
Rxe4 dxe4 22. Ne1 f5 23. c4 f4 24. c5 Be7 25. d5 Bg5 26. Nc2 Ne5 27. b5 e3 28.
fxe3 Nc4 29. Rd1 fxe3 30. Bb4 Bh4 31. Ne1 e2 32. Rc1 Rf1+ 33. Kh2 Ne5 34. d6 cxd6
35. cxd6 Kf7 36. g3 Bd8 37. Kg2 Bb6 38. a5 Be3 39. Rc2 Rf2+ 40. Kh1 Ke6 41. Ng2
Nf3 42. Rc1 Bxc1 0-1

[Event "Miedzynarodowy Memorial Ireny Warakomskiej (Turniej Blitza)"]
[Site "Suwalki"]
[Date "2017-08-16"]
[Round "1.10"]
[White "Jakubowska, Anna "]
[Black "Jaskiewicz, Kamila "]
[Result "1-0"]
[WhiteTitle ""]
[BlackTitle ""]
[WhiteElo "2186"]
[BlackElo "1766"]

1. e4 c5 2. Nc3 e6 3. g3 a6 4. a4 b6 5. Bg2 Bb7 6. Nge2 Nf6 7. O-O Qc7 8. d4 d6
9. d5 e5 10. f4 exf4 11. Bxf4 Nbd7 12. Qd2 h6 13. Rae1 O-O-O 14. Na2 g5 15. Be3
Rh7 16. b4 Ng4 17. Bh3 Nxe3 18. Qxe3 Kb8 19. Bf5 Rg7 20. bxc5 dxc5 21. Rb1 Bd6
22. c4 h5 23. a5 h4 24. axb6 Nxb6 25. Qb3 Ka7 26. Nac3 hxg3 27. hxg3 Bxg3 28.
Ra1 Rh8 29. Nb5+ Kb8 30. Nxc7 Bxc7 31. d6 Bd8 32. Rfb1 Ka7 33. Qc3 Rgg8 34. d7
f6 35. Kg2 Bc7 36. Rh1 Nxd7 37. Rxh8 Rxh8 38. Rh1 Rxh1 39. Kxh1 Ne5 40. Kg1 Ng4
41. Kf1 Be5 42. Qb3 Nh2+ 43. Ke1 g4 44. Nc1 g3 45. Bh3 Bxe4 46. Nd3 g2 47. Bxg2
Bxg2 48. Nxc5 Bc6 49. Na4 Nf3+ 50. Kd1 Bc7 51. c5 Nd4 52. Qb4 Nb5 53. Nb6 Bxb6
54. cxb6+ Kxb6 55. Qe7 f5 56. Qe5 Be4 57. Qe6+ Kb7 58. Kd2 a5 59. Qd7+ Kb6 60.
Qd8+ Kc5 61. Qxa5 Bd5 62. Qa1 f4 63. Qe5 f3 64. Ke3 Nd6 65. Qd4+ Kc6 66. Qc3+
Nc4+ 67. Kf2 Kd6 68. Qb4+ Ke5 69. Qb8+ Kd4 70. Qa7+ Ke4 71. Qa4 Ke5 72. Kg3 Nd6
73. Qf4+ Ke6 74. Qe3+ Kd7 75. Kf4 Kc6 76. Qc3+ Kd7 77. Ke5 Be4 78. Qd4 Kc8 79.
Kxd6 Bb7 80. Qc5+ 1-0

[Event "Miedzynarodowy Memorial Ireny Warakomskiej (Turniej Blitza)"]
[Site "Suwalki"]
[Date "2017-08-16"]
[Round "1.11"]
[White "Murawko, Julia "]
[Black "Kaczmarek, Arkadiusz "]
[Result "1-0"]
[WhiteTitle ""]
[BlackTitle ""]
[WhiteElo "1732"]
[BlackElo "2185"]

1. d4 d5 2. Nc3 Nf6 3. Bg5 Nbd7 4. f3 h6 5. Bh4 c6 6. e4 dxe4 7. fxe4 Qa5 8. Bd3
e5 9. dxe5 Qxe5 10. Nf3 Qa5 11. O-O Qb6+ 12. Kh1 Qxb2 13. Ne2 Bc5 14. Qe1 O-O
15. Qg3 Re8 16. Nf4 Bd6 17. Rae1 Bf8 18. e5 Nd5 19. Nxd5 cxd5 20. c4 1-0

[Event "Miedzynarodowy Memorial Ireny Warakomskiej (Turniej Blitza)"]
[Site "Suwalki"]
[Date "2017-08-16"]
[Round "1.12"]
[White "Cukrowski, Filip "]
[Black "Litner, Igor "]
[Result "1-0"]
[WhiteTitle ""]
[BlackTitle ""]
[WhiteElo "2180"]
[BlackElo "1719"]

1. e4 d6 2. d4 Nf6 3. Nc3 Nbd7 4. f4 e5 5. dxe5 dxe5 6. fxe5 Nxe5 7. Qxd8+ Kxd8
8. Nf3 Bd6 9. Bg5 Bg4 10. Be2 Bxf3 11. gxf3 h6 12. Bxf6+ gxf6 13. O-O-O Kc8 14.
Nd5 Nd7 15. Kb1 Rg8 16. Rhg1 Rg6 17. h4 c6 18. Nc3 Kc7 19. h5 Rg5 20. Bc4 Ne5
21. Be2 Rag8 22. Rgf1 Rg2 23. f4 Ng4 24. Bxg4 R8xg4 25. e5 Be7 26. exf6 Bxf6 27.
Ne4 Bg7 28. c3 f5 29. Nc5 Kb6 30. Nd7+ Ka6 31. Nb8+ Kb6 32. Nd7+ Ka6 33. Nc5+
Kb6 34. Ne6 Rh4 35. Rh1 Bf6 36. Rxh4 Bxh4 37. Nd4 Bg3 38. Rf1 Rh2 39. Nxf5 Bh4
40. Nxh4 Rxh4 41. f5 Rg4 42. f6 Rg8 43. f7 Rf8 44. Kc2 Kc5 45. Kd3 Kd5 46. Rf5+
Ke6 47. Ke4 b6 48. c4 a6 49. b4 Kd6 50. Rf6+ Ke7 51. Ke5 Rxf7 52. Rxc6 Rf2 53.
Rxb6 Rxa2 54. Rxh6 Ra4 55. Rb6 a5 56. Rb7+ Kf8 57. bxa5 Rxa5+ 58. Rb5 Ra4 59.
Kd5 Ra1 60. c5 Rh1 61. Kd6 Rxh5 62. Rb8+ Kf7 63. c6 Rh1 64. c7 Rd1+ 65. Ke5 Re1+
66. Kf4 Rf1+ 67. Ke3 Re1+ 68. Ke4 1-0

[Event "Miedzynarodowy Memorial Ireny Warakomskiej (Turniej Blitza)"]
[Site "Suwalki"]
[Date "2017-08-16"]
[Round "1.13"]
[White "Tylenda, Krzysztof "]
[Black "Sliwicki, Damian "]
[Result "0-1"]
[WhiteTitle ""]
[BlackTitle ""]
[WhiteElo "1688"]
[BlackElo "2175"]

1. e4 c5 2. Nc3 e6 3. g3 d5 4. exd5 exd5 5. Nge2 Nf6 6. d4 Nc6 7. Bg2 c4 8. Bg5
Be6 9. Nf4 Be7 10. Nxe6 fxe6 11. O-O O-O 12. Re1 h6 13. Bf4 Bd6 14. Rxe6 Bxf4
15. gxf4 Qd7 16. Qe1 Nxd4 17. Qe5 Nxe6 18. Nxd5 Nxf4 19. Qxf4 Nxd5 20. Qxc4 Rad8
21. Rd1 Kh8 22. Rxd5 Qe7 23. Qg4 Qe1+ 24. Bf1 Qxf2+ 25. Kh1 Qxf1+ 0-1

[Event "Miedzynarodowy Memorial Ireny Warakomskiej (Turniej Blitza)"]
[Site "Suwalki"]
[Date "2017-08-16"]
[Round "1.14"]
[White "Smolka, Marcin "]
[Black "Kalejta, Arkadiusz "]
[Result "1-0"]
[WhiteTitle ""]
[BlackTitle ""]
[WhiteElo "2161"]
[BlackElo "1683"]

1. e4 c5 2. c4 e6 3. Nc3 Ne7 4. Nf3 d6 5. d4 cxd4 6. Nxd4 Nbc6 7. Be2 Nxd4 8. Qxd4
Nc6 9. Qd1 e5 10. Be3 Be7 11. O-O O-O 12. Qd2 f5 13. exf5 Bxf5 14. f4 Kh8 15.
fxe5 dxe5 16. Nd5 Qd7 17. b4 Bf6 18. Rad1 Qc8 19. Bc5 Rf7 20. b5 Nd4 21. Bxd4
exd4 22. Nxf6 Rxf6 23. Qxd4 Qf8 24. c5 Re8 25. Bf3 Rf7 26. c6 bxc6 27. Bxc6 Re2
28. Qd8 Re8 29. Qxe8 1-0

[Event "Miedzynarodowy Memorial Ireny Warakomskiej (Turniej Blitza)"]
[Site "Suwalki"]
[Date "2017-08-16"]
[Round "1.15"]
[White "Matuszczyk, Mateusz"]
[Black "Golek, Jagoda"]
[Result "0-1"]
[WhiteTitle ""]
[BlackTitle ""]
[WhiteElo "1666"]
[BlackElo "2151"]

1. e4 d6 2. d4 Nf6 3. Nf3 Nxe4 4. Bd3 Nf6 5. c4 c6 6. Nc3 Bg4 7. h3 Bh5 8. Bg5
Nbd7 9. O-O e6 10. d5 cxd5 11. cxd5 e5 12. Ne4 Be7 13. Bxf6 Nxf6 14. Qb3 O-O 15.
Nfd2 Nxe4 16. Nxe4 f5 17. Ng3 Bg6 18. f3 Bh4 19. Ne2 Rb8 20. Nc3 a6 21. a4 Bg5
22. Kh1 Kh8 23. Qc2 Rc8 24. b4 Be3 25. Qb3 Bd4 26. Rac1 Qg5 27. Ne2 Be3 28. Rc2
Rxc2 29. Qxc2 Qe7 30. Rb1 e4 31. fxe4 fxe4 32. Bc4 Bb6 33. a5 Bf2 34. b5 e3 35.
bxa6 Bxc2 0-1

[Event "Miedzynarodowy Memorial Ireny Warakomskiej (Turniej Blitza)"]
[Site "Suwalki"]
[Date "2017-08-16"]
[Round "1.16"]
[White "Okrucinski, Tadeusz"]
[Black "Sadlak, Rafal"]
[Result "1-0"]
[WhiteTitle ""]
[BlackTitle ""]
[WhiteElo "2149"]
[BlackElo "1654"]

1. d4 d5 2. Nf3 f5 3. c4 e6 4. g3 Nf6 5. Bg2 c6 6. b3 Bd6 7. O-O O-O 8. Ba3 Ne4
9. Bxd6 Nxd6 10. Nc3 Nd7 11. Qd3 Ne4 12. e3 a6 13. b4 Qe8 14. Rab1 b5 15. cxd5
exd5 16. Rbc1 Bb7 17. Ne2 g5 18. Nd2 Ndf6 19. Nb3 h5 20. Na5 Qd7 21. Rc2 Rac8
22. Rfc1 Rc7 23. Nxb7 Rxb7 24. Rxc6 Nd6 25. R6c5 Nc4 26. Nc3 Ne4 27. Rxd5 Qe7
28. Nxe4 fxe4 29. Qxe4 Qf6 30. Rc2 Re7 31. Qd3 h4 32. g4 h3 33. Bxh3 Qf3 34. Rxg5+
Rg7 35. Bg2 Qf6 36. Bd5+ Rff7 37. Bxf7+ Qxf7 38. Rxg7+ Qxg7 39. Qf5 Qc7 40. g5
Qd6 41. g6 Qe7 42. d5 Nd6 43. Qe6+ Qxe6 44. dxe6 1-0

[Event "Miedzynarodowy Memorial Ireny Warakomskiej (Turniej Blitza)"]
[Site "Suwalki"]
[Date "2017-08-16"]
[Round "1.17"]
[White "Mecelica, Erikas "]
[Black "Chinguun, Sumiya "]
[Result "0-1"]
[WhiteTitle ""]
[BlackTitle ""]
[WhiteElo "1630"]
[BlackElo "2139"]

1. e4 c5 2. Nf3 e6 3. d4 cxd4 4. Nxd4 a6 5. Nc3 Qc7 6. a3 Nf6 7. f3 b5 8. Be3 b4
9. axb4 Bxb4 10. Bd2 Bb7 11. Bd3 O-O 12. Nce2 Nc6 13. Nxc6 Bxd2+ 14. Qxd2 Qxc6
15. e5 Nd5 16. c4 Ne7 17. Be4 Qb6 18. Qd4 Qc7 19. b3 Bxe4 20. Qxe4 d6 21. f4 dxe5
22. fxe5 Ng6 23. O-O Nxe5 24. Nd4 Ng6 25. Rf2 Qb6 26. Kh1 e5 27. c5 Qxc5 28. b4
Qxd4 29. Qxd4 exd4 30. Rd2 Rfd8 31. Rad1 Rac8 32. g3 Rc4 33. Ra2 Rxb4 34. Rxa6
d3 35. h4 h5 36. Ra3 Rbd4 37. Rd2 Ne5 38. Kg2 Nc4 39. Raa2 Re4 40. Kf3 Nxd2+ 41.
Rxd2 Re2 0-1

[Event "Miedzynarodowy Memorial Ireny Warakomskiej (Turniej Blitza)"]
[Site "Suwalki"]
[Date "2017-08-16"]
[Round "1.18"]
[White "Ocytko, Andrzej"]
[Black "Volkov, Aleksandr"]
[Result "1-0"]
[WhiteTitle ""]
[BlackTitle ""]
[WhiteElo "2113"]
[BlackElo "1544"]

1. e4 e6 2. d4 d5 3. Nc3 c5 4. exd5 exd5 5. Bb5+ Nc6 6. Nf3 Nf6 7. O-O Bg4 8. h3
Bh5 9. Re1+ Be7 10. dxc5 O-O 11. g4 Bg6 12. Be3 d4 13. Nxd4 Bxc5 14. Nxc6 Qxd1
15. Raxd1 Bxe3 16. Ne7+ Kh8 17. Nxg6+ fxg6 18. Rxe3 a6 19. Bf1 b5 20. Bg2 Rad8
21. Rxd8 Rxd8 22. Nd5 Nxd5 23. Bxd5 h5 24. c4 hxg4 25. hxg4 bxc4 26. Rh3# 1-0

[Event "Miedzynarodowy Memorial Ireny Warakomskiej (Turniej Blitza)"]
[Site "Suwalki"]
[Date "2017-08-16"]
[Round "1.19"]
[White "Karlov, Egor "]
[Black "Paprocki, Jaroslaw "]
[Result "0-1"]
[WhiteTitle ""]
[BlackTitle ""]
[WhiteElo "1538"]
[BlackElo "2101"]

1. d4 Nf6 2. c4 e6 3. Nc3 Bb4 4. Nf3 O-O 5. e3 b6 6. Be2 Bb7 7. O-O d5 8. Bd2 Qe7
9. cxd5 exd5 10. Ne5 a6 11. a3 Bd6 12. Nf3 Nbd7 13. Qc2 Rfe8 14. Rac1 Rac8 15.
Qb3 b5 16. Na2 Ne4 17. Nb4 Nb6 18. Be1 Nc4 19. Bxc4 dxc4 20. Qc2 c5 21. Na2 Ng5
22. Nxg5 Qxg5 23. f3 Qxe3+ 24. Bf2 Qg5 25. Kh1 cxd4 26. Bxd4 Qh6 27. Bg1 Re5 28.
Rcd1 Bb8 29. Qd2 Qxd2 30. Rxd2 Re7 31. Rfd1 Bc7 32. Rd7 Rxd7 33. Rxd7 Bc6 34.
Rd1 Rd8 35. Rxd8+ Bxd8 36. Nb4 Bb7 37. Bd4 g6 38. Kg1 f5 39. Kf2 Kf7 40. Ke3 Ke6
41. Bc5 Bg5+ 42. f4 Bf6 43. Bd4 Bxd4+ 44. Kxd4 a5 45. Nc2 Bxg2 46. Ne3 Be4 47.
h4 a4 48. Kc5 h6 49. Kxb5 g5 50. hxg5 hxg5 51. fxg5 f4 52. Nf1 Bd3 53. Nh2 c3+
54. bxc3 Ke5+ 0-1

[Event "Miedzynarodowy Memorial Ireny Warakomskiej (Turniej Blitza)"]
[Site "Suwalki"]
[Date "2017-08-16"]
[Round "1.20"]
[White "Bogdanov, Ignat"]
[Black "Obuchowicz, Jerzy"]
[Result "1-0"]
[WhiteTitle ""]
[BlackTitle ""]
[WhiteElo "2092"]
[BlackElo "1528"]

1. d4 d5 2. c4 e6 3. Nc3 Nf6 4. Bg5 Be7 5. Nf3 a6 6. cxd5 Nxd5 7. Bxe7 Nxe7 8.
e3 O-O 9. Bd3 f5 10. Qc2 c6 11. Ne5 Nd7 12. Nxd7 Bxd7 13. Qb3 b5 14. a3 a5 15.
Rc1 a4 16. Qc2 Qb6 17. O-O Rac8 18. Qe2 Rf6 19. Na2 Nd5 20. Nb4 Rh6 21. Nxd5 cxd5
22. Rxc8+ Bxc8 23. Rc1 Qd8 24. g3 Bd7 25. Bxb5 g5 26. Bxd7 Qxd7 27. Qa6 f4 28.
Qc8+ Qxc8 29. Rxc8+ Kf7 30. Ra8 fxe3 31. fxe3 Kf6 32. Rf8+ Ke7 33. Rf2 Rg6 34.
Kg2 h5 35. Rc2 Kd6 36. Rc5 e5 37. Ra5 Rg7 38. Ra6+ 1-0

[Event "Miedzynarodowy Memorial Ireny Warakomskiej (Turniej Blitza)"]
[Site "Suwalki"]
[Date "2017-08-16"]
[Round "2.1"]
[White "Bilguun, Sumiya"]
[Black "Ocytko, Andrzej"]
[Result "1-0"]
[WhiteTitle ""]
[BlackTitle ""]
[WhiteElo "2527"]
[BlackElo "2113"]

1. e4 e5 2. Nf3 Nc6 3. d4 exd4 4. Nxd4 Bb4+ 5. c3 Be7 6. Bc4 d6 7. Nxc6 bxc6 8.
Qh5 d5 9. exd5 Nf6 10. Qf3 cxd5 11. Bb5+ Bd7 12. Bxd7+ Qxd7 13. O-O O-O 14. Be3
c6 15. Nd2 Rfe8 16. h3 Bd6 17. Rad1 Ne4 18. Nxe4 Rxe4 19. b3 Qe7 20. c4 Bc5 21.
cxd5 Bxe3 22. d6 Qe6 23. fxe3 Rd8 24. Rd3 Re5 25. Rfd1 g6 26. Qxc6 Rxe3 27. Rxe3
Qxe3+ 28. Kh1 Qe6 29. Qd5 Qf6 30. d7 h5 31. b4 Qb6 32. b5 Qa5 33. Rf1 Rf8 34.
Rxf7 1-0

[Event "Miedzynarodowy Memorial Ireny Warakomskiej (Turniej Blitza)"]
[Site "Suwalki"]
[Date "2017-08-16"]
[Round "2.2"]
[White "Chinguun, Sumiya "]
[Black "Stoma, Pawel "]
[Result "1/2-1/2"]
[WhiteTitle ""]
[BlackTitle ""]
[WhiteElo "2139"]
[BlackElo "2341"]

1. e4 c6 2. c4 d5 3. cxd5 cxd5 4. exd5 Nf6 5. Nc3 Nbd7 6. d4 g6 7. Nf3 Bg7 8. d6
exd6 9. Nb5 O-O 10. Nxd6 Nb6 11. Nxc8 Rxc8 12. Be2 Qd6 13. O-O Rfd8 14. Be3 Nfd5
15. Qd2 Nxe3 16. fxe3 Bh6 17. Qd3 Nd5 18. e4 Nf4 19. Qd1 Qb4 20. b3 Qc3 21. Bc4
Qe3+ 22. Kh1 Qxe4 23. Re1 Qc6 24. Bxf7+ Kh8 25. Rg1 Qf6 26. Bc4 a6 27. a4 Qf5
28. Ne5 Kg7 29. Qf3 Rc7 30. Rad1 Bg5 31. g3 Nh3 32. Qxf5 gxf5 33. Rgf1 f4 34.
gxf4 Bxf4 35. Kg2 Bxe5 36. dxe5 Rxd1 37. Rxd1 Nf4+ 38. Kf3 Ng6 39. Ke4 b5 40.
axb5 axb5 41. Bxb5 Rc5 42. Rd5 Rc3 43. Bc4 Rh3 44. Rd7+ Kf8 45. e6 Rxh2 46. Rf7+
Ke8 47. Bb5+ Kd8 48. Rd7+ Kc8 49. e7 Rh4+ 50. Kd5 Rh5+ 51. Kd4 Nxe7 52. Rxe7 Rxb5
53. Kc4 Rb6 54. Rxh7 Rg6 55. b4 Kb8 56. b5 Rf6 57. Kc5 Rg6 58. b6 Rg1 59. Kc6
Rc1+ 60. Kb5 Rb1+ 61. Kc5 Rc1+ 1/2-1/2

[Event "Miedzynarodowy Memorial Ireny Warakomskiej (Turniej Blitza)"]
[Site "Suwalki"]
[Date "2017-08-16"]
[Round "2.3"]
[White "Kulon, Klaudia "]
[Black "Bogdanov, Ignat"]
[Result "1-0"]
[WhiteTitle ""]
[BlackTitle ""]
[WhiteElo "2331"]
[BlackElo "2092"]

1. c4 c6 2. g3 d5 3. cxd5 cxd5 4. Bg2 Nf6 5. d4 Nc6 6. Nc3 e6 7. Nf3 Bb4 8. O-O
O-O 9. Bf4 Bd6 10. Bd2 Re8 11. Rc1 a6 12. a3 Bd7 13. Na4 Rc8 14. Nc5 Bxc5 15.
dxc5 b6 16. b4 bxc5 17. Rxc5 Ne4 18. Rc2 Nxd2 19. Qxd2 Qb6 20. Rb1 Ne7 21. Ne5
Ba4 22. Rcc1 Nf5 23. e3 Nd6 24. Bf1 Ne4 25. Qd4 Qb7 26. Nd3 Bb5 27. Bg2 Bxd3 28.
Qxd3 Nd6 29. Qd4 Nb5 30. Qd3 Qd7 31. a4 Nd6 32. Qxa6 Ra8 33. Qc6 Qxc6 34. Rxc6
Nc4 35. a5 Reb8 36. Rxc4 dxc4 37. Bxa8 Rxa8 38. Rc1 Rc8 39. b5 Kf8 40. b6 1-0

[Event "Miedzynarodowy Memorial Ireny Warakomskiej (Turniej Blitza)"]
[Site "Suwalki"]
[Date "2017-08-16"]
[Round "2.4"]
[White "Paprocki, Jaroslaw "]
[Black "Bednarek, Sylwester"]
[Result "1-0"]
[WhiteTitle ""]
[BlackTitle ""]
[WhiteElo "2101"]
[BlackElo "2283"]

1. e4 e6 2. d4 d5 3. Nd2 a6 4. Ngf3 c5 5. exd5 exd5 6. dxc5 Bxc5 7. Nb3 Be7 8.
Be2 Nf6 9. O-O O-O 10. Be3 Nc6 11. h3 Ne4 12. c3 Re8 13. Nbd4 Bd6 14. Re1 Qf6
15. Bf1 Ne7 16. c4 Bb4 17. Re2 dxc4 18. Qa4 b5 19. Qxb4 Nd5 20. Qa5 Bb7 21. a3
c3 22. bxc3 Nexc3 23. Ree1 Ne4 24. Re2 Rac8 25. a4 b4 26. Nb3 Qc3 27. Rb1 Qf6
28. Ree1 Nec3 29. Ra1 Nxe3 30. fxe3 Bxf3 31. gxf3 Qxf3 32. Qxb4 Rxe3 33. Rxe3
Qxe3+ 34. Kh1 Ne4 35. Bg2 Ng3+ 36. Kh2 Ne2 37. Qb7 Qg3+ 38. Kh1 Rb8 39. Qf3 Rxb3
40. Qxe2 g6 41. Rf1 a5 42. Qe8+ Kg7 43. Rxf7+ Kh6 44. Qf8+ Kg5 45. Rf1 h5 46.
Qd8+ Kh6 47. Qh8+ Kg5 48. Qf6+ Kh6 49. Qf4+ Qxf4 50. Rxf4 g5 51. Rf6+ Kg7 52.
Ra6 g4 53. hxg4 hxg4 54. Rxa5 g3 55. Bd5 Kf6 56. Bxb3 1-0

[Event "Miedzynarodowy Memorial Ireny Warakomskiej (Turniej Blitza)"]
[Site "Suwalki"]
[Date "2017-08-16"]
[Round "2.5"]
[White "Lewtak, Damian "]
[Black "Krzywda, Andrzej "]
[Result "1-0"]
[WhiteTitle ""]
[BlackTitle ""]
[WhiteElo "2275"]
[BlackElo "2047"]

1. e4 c5 2. Nf3 d6 3. Bb5+ Bd7 4. Bxd7+ Qxd7 5. O-O Nf6 6. Qe2 Nc6 7. c3 e6 8.
d4 cxd4 9. cxd4 d5 10. e5 Ne4 11. Nc3 Nxc3 12. bxc3 Be7 13. h4 Rc8 14. h5 h6 15.
Nh2 Na5 16. Ng4 Rxc3 17. Qe1 Qc6 18. Bd2 Bb4 19. a3 Nb3 20. axb4 Nxa1 21. Bxc3
Nb3 22. b5 Qxb5 23. Qe3 a5 24. f4 a4 25. f5 a3 26. fxe6 fxe6 27. Qf3 a2 28. Qf7+
Kd8 29. Qxg7 Re8 30. Nf6 Qc6 31. Nxe8 Qxc3 32. Qf6+ Kd7 33. Nd6 Qxd4+ 34. Kh2
a1=Q 35. Qf7+ Kc6 36. Qe8+ Kb6 37. Qd8+ Ka7 38. Nc8+ Ka6 39. Rxa1+ Nxa1 40. Qd6+
b6 41. Qxe6 Nb3 42. Nd6 Nc5 43. Qc8+ Ka5 44. Qf5 Qh4+ 45. Qh3 Qf4+ 46. Qg3 Qd2
47. Qa3+ Na4 48. Nb7+ Ka6 49. Qxa4+ Kxb7 50. Qd7+ Ka6 51. Qc8+ Kb5 52. Qe8+ Kc5
53. Qf8+ Kb5 54. e6 Qg5 55. Qe8+ Kc5 56. Qg6 Qf4+ 57. Qg3 Qf6 58. Qe3+ d4 59.
Qe1 Qe7 60. g4 d3 61. Kg3 b5 62. Qe5+ Kc4 63. Qe4+ Kc3 64. Qe5+ Kc4 65. Qe4+ Kc3
66. Qc6+ Kd2 67. Qd5 b4 68. Qd7 Qg5 69. Qd4 b3 70. Qb2+ Ke3 71. Qc1+ d2 72. Qc3+
Ke2 73. Qc4+ Ke1 74. Qe4+ Kf1 75. Qg2+ Ke1 76. Qe4+ Kf1 77. e7 d1=Q 78. Qg2+ 1-0